Katri Helenan kappaleita lyriikoiden mukaan - Statistics

Yleistilastot
  • Tätä visaa on pelattu 55 kertaa
  • Keskiarvotulos 7 / 13
Vastaustilastot
Sanat Kappale % Oikein
Etsien käy lapsonen maan tokkopa koskaan juurtua saan lintunenkin muuttaessaan pesäpuun löytää vain vaistollaan Katson sineen taivaan
93%
Lapsella vain voi silmät niin loistaa lintuja kun hän katsella saa haaveita vain se vapauden toistaa lintuset nuo ja kaunis maa Lintu ja lapsi
89%
Luo meren ja hiekan Alle lokkien viitan Sun ajatuksissani vien Ja toivon yhtä suudelmaa Vasten auringon siltaa
78%
Taas saavun vanhaan rantakahvilaan Se ennen puoltayötä suljetaan Päivä oli ehkä liian lämmin Iltatuuli laulaa lempeämmin Sen kuiske vain on minun seuranain Katson autiota hiekkarantaa
65%
Taas ruusut käy kukkimaan, tuoksua täynnä on maa Mietteeni sinne taas vie, missä on ruusuinen tie Miljoona ruusua
61%
Mä unestani taas jo herään kesätuuleen, ja hyvän olon saan, kun meren äänet kuulen. Kesän lapsi
48%
Sinun kädellesi painan pään ja sydämelläin unta nään sateen jäljet peittää linnut siivellään Syysunelma
43%
Mitä silloin tapahtuukaan ensisuudelma kun ohi on epätoivo, eikä muukaan, oli onni niin vaatimaton Nuoruus on seikkailu
37%
Katso naavaan puun taa tutki tuulen suuntaa se on pohjoinen tiukka mutru huuleen selkä vastatuuleen kestät kyllä sen Minne tuuli kuljettaa
35%
Takaa vuorten aamu nousee Päivän uuden Luoja suo Valo kantaa lämmön antaa Ylös lennän aurinkoon Paloma Blanca
30%
Riepota rinnallasi Käsivarsillasi lujilla Kuljeta kerallasi Yön pimeimmillä kujilla Vie minut
30%
Kun taas takaisin Muistoihin vaelsin Vain näin sinun kuin Ennenkin rakkahin Ei kauniimpaa
28%
Tuoksuu taas ruusut ja kukkii tuomipuu Käy neitonen armaansa luo Vielä aamuauringon On elämä laulu
22%
Ehtoja vastaavia visoja ei löytynyt
Tulosjakauma
Jokaisen tuloksen saaneiden osuus
Persentiili vastausten määrän mukaan
Tuloshistoriasi
Et ole pelannut tätä visaa